Time of the essence in arbitration (Record no. 75737)

MARC details
000 -LEADER
fixed length control field 01019cab a2200193 4500
001 - CONTROL NUMBER
control field L130623
008 - FIXED-LENGTH DATA ELEMENTS--GENERAL INFORMATION
fixed length control field 050818n2005 000 0 eng u
035 ## - SYSTEM CONTROL NUMBER
System control number (Sirsi) u130623
041 ## - LANGUAGE CODE
Language code of text/sound track or separate title eng
100 ## - MAIN ENTRY--PERSONAL NAME
Personal name Atkinson, Daniel
245 ## - TITLE STATEMENT
Title Time of the essence in arbitration
260 ## - PUBLICATION, DISTRIBUTION, ETC.
Date of publication, distribution, etc. 2005
490 ## - SERIES STATEMENT
Series statement Construction News
Volume/sequential designation (6929) 11 August 2005, 33(1)
520 ## - SUMMARY, ETC.
Summary, etc. Discusses the issue of time of the essence in arbitration particularly when making appeals over an adjudicator's decision. Refers to the case "Lafarge (Aggregates) Ltd v Newham LBC" (see also L130603) where a dispute arose over the dating of an adjudicator's decision and consequently timing of the service of the notice of arbitration. Advises that notice periods in contracts need to be observed strictly as well as understood clearly.
590 ## - LOCAL NOTE (RLIN)
Local note IKA300805
650 ## - SUBJECT ADDED ENTRY--TOPICAL TERM
Topical term or geographic name entry element LAFARGE (AGGREGATES) LTD V NEWHAM LBC
690 ## - LOCAL SUBJECT ADDED ENTRY--TOPICAL TERM (OCLC, RLIN)
Topical term or geographic name as entry element MANAGEMENT-DISPUTE AVOIDANCE, MANAGEMENT AND RESOLUTION-DISPUTE MANAGEMENT AND RESOLUTION-ARBITRATION
942 ## - ADDED ENTRY ELEMENTS (KOHA)
Suppress in OPAC 0
Holdings
Withdrawn status Lost status Source of classification or shelving scheme Damaged status Not for loan Home library Current library Shelving location Date acquired Total Checkouts Full call number Barcode Date last seen Copy number Price effective from Koha item type
    Dewey Decimal Classification     London London Journal article 18/08/2005   L130623 130623-1001 06/08/2019 1 06/08/2019 Journal article